| 000 | 00358pab a2200145 454500 | ||
|---|---|---|---|
| 008 | 180718bOct 2011 - Jan 2012 xxu||||| |||| 00| 0 eng d | ||
| 100 | _aNarayanan, M.K. | ||
| 245 | _aNew challenges to policing | ||
| 260 | _cOct 2011 - Jan 2012 | ||
| 300 | _ap.4-11. | ||
| 650 | _aPolice | ||
| 773 | _aIndian Police Journal | ||
| 908 | _aN | ||
| 909 | _a95779 | ||
| 999 |
_c95779 _d95779 |
||